000 01123nam0a2200301 4500
001 RU\NLR\bibl\1657467
005 20260409070923.0
010 _a978-5-17-062871-1
_97000
021 _aRU
_b2010-45377
_93029
035 _a(NLR Aleph) 001648766
090 _a908291
_c908291
100 _a20100722d2010 u y0rusy50 ca
101 1 _arus
_ceng
102 _aRU
105 _ay |||||||||
200 1 _a14000 поводов для счастья
_fБарбара Энн Кипфер
_g[пер. с англ. Кабановой Юлии Николаевны]
_gил. Пьера Ле-Тана
210 _aМосква
_cАСТ
_cАстрель
_d2010
215 _a607 с.
_cил.
_d15
300 _aНа обл. авт. не указан
606 _aЖизненный путь (социол.)
_jПопулярные издания
_91118412
_3RU\NLR\auth\66442740
686 _aС550.35я9
700 1 _aКипфер
_bБ. Э.
_gБарбара Энн
_4070
702 1 _aЛе-Тан
_bП.
_gПьер
_4440
801 0 _aRU
_bNLR
_c20100722
_gRCR
801 1 _aRU
_bNLR
_c20100722
942 _cBOOK
980 _aNB